BRATISLAVA and VIENNA: Twin Cities with big Development Potentials (Record no. 8552)

MARC details
000 -LEADER
fixed length control field 03301nam a22004097u 4500
001 - CONTROL NUMBER
control field pwiiw4629
003 - CONTROL NUMBER IDENTIFIER
control field OSt
005 - DATE AND TIME OF LATEST TRANSACTION
control field 20260516120039.0
008 - FIXED-LENGTH DATA ELEMENTS--GENERAL INFORMATION
fixed length control field 181017t2018 au ||||| |||| 00| ||eng d
040 ## - CATALOGING SOURCE
Transcribing agency OSt
041 ## - LANGUAGE CODE
Language code of text/sound track or separate title eng
084 ## - OTHER CLASSIFICATION NUMBER
Classification number O18
-- R23
-- I23
-- J11
-- J31
-- O33
Number source jelc
100 1# - MAIN ENTRY--PERSONAL NAME
Personal name Hanzl-Weiss, Doris
245 10 - TITLE STATEMENT
Title BRATISLAVA and VIENNA: Twin Cities with big Development Potentials
260 ## - PUBLICATION, DISTRIBUTION, ETC.
Place of publication, distribution, etc. Wien :
Name of publisher, distributor, etc. Wiener Institut für Internationale Wirtschaftsvergleiche (wiiw),
Date of publication, distribution, etc. 2018.
300 ## - PHYSICAL DESCRIPTION
Extent 29 S.,
Other physical details 2 Table and 18 Figures,
Dimensions 30cm.
490 1# - SERIES STATEMENT
Series statement wiiw Policy Notes and Reports
Volume/sequential designation 24
520 ## - SUMMARY, ETC.
Summary, etc. The German version can be found here.<br/><br/>The economies of Vienna and Bratislava have followed quite different development paths over the last decades. While Vienna’s population increased by about 20% within two decades, Bratislava’s population mostly stagnated. However, when measured in GDP per capita at purchasing power parties, average income in Bratislava has surpassed that of Vienna and is now among the top-10 leading regions in Europe. Massive foreign direct investment, particularly in the automotive sector, has created full employment in Bratislava. Nevertheless, Vienna, as one of the world’s most liveable cities, is still attracting more immigration and labour markets are in less favourable conditions. Transport infrastructure between the two close cities has only recently been improving, which has left considerable scope for further reductions in travel time. Regional cooperation is under way and should be reinforced in order to meet the challenges ahead. Mass-emigration of young Slovaks over the last decades will lead to a rapid ageing in Slovakia over the next decades and the working age population is expected to shrink by almost a third by the end of the century, while Austria’s will mostly stagnate. By creating a truly common labour market in the twin-city region, Bratislava could solve the problem of labour shortages and Vienna could solve its youth unemployment problem. Policy recommendations in this respect include inter alia a more substantial improvement of intercity public transport; common educational planning and training programmes; and, commuter allowances during the nominal wage-equalisation-transition. Other major long-run challenges are the ongoing processes of digitalisation and robotisation. Here, policy recommendations include projects of innovation cooperation; coordination of innovation oriented public procurement; and, improvement of transport infrastructure to connect the twin-city region with the rest of the world in order to reap potential future gains from increased economies of scale.<br/>
650 ## - SUBJECT ADDED ENTRY--TOPICAL TERM
Topical term or geographic name entry element Bratislava
650 ## - SUBJECT ADDED ENTRY--TOPICAL TERM
Topical term or geographic name entry element Vienna
650 ## - SUBJECT ADDED ENTRY--TOPICAL TERM
Topical term or geographic name entry element urban development
650 ## - SUBJECT ADDED ENTRY--TOPICAL TERM
Topical term or geographic name entry element regional labour markets
650 ## - SUBJECT ADDED ENTRY--TOPICAL TERM
Topical term or geographic name entry element education
650 ## - SUBJECT ADDED ENTRY--TOPICAL TERM
Topical term or geographic name entry element R&D
650 ## - SUBJECT ADDED ENTRY--TOPICAL TERM
Topical term or geographic name entry element demographic trends
650 ## - SUBJECT ADDED ENTRY--TOPICAL TERM
Topical term or geographic name entry element wage differentials
650 ## - SUBJECT ADDED ENTRY--TOPICAL TERM
Topical term or geographic name entry element technological change
651 ## - SUBJECT ADDED ENTRY--GEOGRAPHIC NAME
Geographic name Austria
651 ## - SUBJECT ADDED ENTRY--GEOGRAPHIC NAME
Geographic name Slovakia
690 ## - LOCAL SUBJECT ADDED ENTRY--TOPICAL TERM (OCLC, RLIN)
Topical term or geographic name as entry element Labour, Migration and Income Distribution
690 ## - LOCAL SUBJECT ADDED ENTRY--TOPICAL TERM (OCLC, RLIN)
Topical term or geographic name as entry element International Trade, Competitiveness and FDI
700 1# - ADDED ENTRY--PERSONAL NAME
Personal name Holzner, Mario
700 1# - ADDED ENTRY--PERSONAL NAME
Personal name Römisch, Roman
830 #0 - SERIES ADDED ENTRY--UNIFORM TITLE
Volume/sequential designation 24
Bibliographic record control number WIIW0000092
Title of a work wiiw Policy Notes and Reports
856 40 - ELECTRONIC LOCATION AND ACCESS
Uniform Resource Identifier <a href="https://wiiw.ac.at/p-4629.html">https://wiiw.ac.at/p-4629.html</a>
942 ## - ADDED ENTRY ELEMENTS (KOHA)
Koha item type Paper
Holdings
Withdrawn status Lost status Damaged status Not for loan Home library Current library Shelving location Date acquired Inventory number Total Checkouts Full call number Barcode Date last seen Price effective from Koha item type
        WIIW WIIW Library 10/17/2018 pwiiw4629   /24 1000010004629 10/17/2018 10/17/2018 Paper
The Vienna Instiute for International Economic Studies (wiiw)